1227 1903 1024 1273 1416 1585 1982 1185 1484 1505 1156 1739 1138 1285 1635 1807 1102 1817 1528 1348 1020 1201 1516 1140 1803 1704 1518 1482 1187 1366 1546 1684 1883 1777 1592 1354 1058 1615 1942 1573 1400 1704 1720 1574 1954 1730 1112 1149 1915 1406 1050 1118 1316 1684 1488 1002 1534 1807 1893 1160 1319 1345 1304 1428 1420 1725 1596 1580 1576 1170 1520 1953 1880 1308 1139 1618 1359 1891 1457 1881 1153 1348 1448 1661 1192 1088 1004 1767 1800 1656 1543 1397 1236 1564 1607 1572 1050 1510 1849 BCNSPRNW ULIB Ver.6.0+V

เปลี่ยนเป็นภาษาไทย

Change to English
 แสดงรายละเอียดบรรณานุกรม
  กลับหน้าหลัก

Brief Record : Get Marc (ISO 2709) : E-mail record : QR code < ปิดหน้าต่าง
LEADER : 00000nam 2200000uu 4500
001    13399124598
003     ULIB
008    151015s2557||||th 000 0 tha d
060  4 ^aWY16 ^bอ126ป
110    ^aสถาบันพระบรมราชชนก กระทรวงสาธารณสุข
245  4 ^aเอกสารสืบเนื่องการสัมมนาวิชาการ QA to Quality of life/^cสถาบันพระบรมราชชนก กระทรวงสาธารณสุข
260    ^aนนทบุรี :^bกลุ่มงานประกันคุณภาพการศึกษา กลุ่มพัฒนาการศึกษา สถาบันพระบรมราชชนก,^c2557
300    ^a269 หน้า
500    ^a การแลกเปลี่ยนความรู้ทั้งภายในและภายนอกองค์กรเพื่อเสริมสร้างนวัตกรรมด้านการพัฒนาการประกันคุณภาพการศึกษา โดยพัฒนาการปฏิบัติงานที่ดี (Good Practics) วันที่ 17-18 มีนาคม 2557 ณ โรงแรมเอเชียแอร์พอร์ท
650  7 ^aการสัมมนาวิชาการ
650  7 ^aการสัมมนา
650  7 ^aการปฏิบัติงานที่ดี
945    ^p0^l0^i000118
945    ^p0^l0^i000119
945    ^p0^l0^i000120
945    ^p0^l0^i000121
999    ^aเกษร โพธิ์สุวรรณ
รายการนี้ยังไม่มีแท็ก
คุณยังไม่ได้ล็อกอิน คุณสามารถมีกิจกรรมร่วมกับเว็บไซต์ได้ แต่ต้องล็อกอินก่อน ::
  ล็อกอิน

รายการสื่อสารสนเทศ

ลำดับที่ ประเภท เลขเรียก/บาร์โค้ด สถานที่ สถานะ
1. วิทยาศาสตร์การแพทย์ และสุขภาพ
วิทยาศาสตร์การแพทย์ และสุขภาพ
สถานะ=หนังสือเก่า
WY16 อ126ป ฉ.1 
  Barcode: 000118
ห้องสมุดวิทยาเขตสวรรค์ประชารักษ์
►ส่วนจัดเก็บหนังสือเก่า สปร
บนชั้น
  ขอยืม
2. วิทยาศาสตร์การแพทย์ และสุขภาพ
วิทยาศาสตร์การแพทย์ และสุขภาพ
สถานะ=หนังสือเก่า
WY16 อ126ป ฉ.2 
  Barcode: 000119
ห้องสมุดวิทยาเขตสวรรค์ประชารักษ์
►ส่วนจัดเก็บหนังสือเก่า สปร
บนชั้น
  ขอยืม
3. วิทยาศาสตร์การแพทย์ และสุขภาพ
วิทยาศาสตร์การแพทย์ และสุขภาพ
สถานะ=หนังสือเก่า
WY16 อ126ป ฉ.3 
  Barcode: 000120
ห้องสมุดวิทยาเขตสวรรค์ประชารักษ์
►ส่วนจัดเก็บหนังสือเก่า สปร
บนชั้น
  ขอยืม
4. วิทยาศาสตร์การแพทย์ และสุขภาพ
วิทยาศาสตร์การแพทย์ และสุขภาพ
สถานะ=หนังสือเก่า
WY16 อ126ป ฉ.4 
  Barcode: 000121
ห้องสมุดวิทยาเขตสวรรค์ประชารักษ์
►ส่วนจัดเก็บหนังสือเก่า สปร
บนชั้น
  ขอยืม

รายการใกล้เคียง
    หัวเรื่อง [การสัมมนา]
    หัวเรื่อง [การปฏิบัติงานที่ดี]

BibComment


ยังไม่เคยถูกคอมเมนท์

คอมเมนท์ทรัพยากรรายการนี้
  คอมเมนท์: เอกสารสืบเนื่องก..


 Copyright 2026. Bcnsprnw @Library